| 000 | 00855nam a2200205 a 4500 | ||
|---|---|---|---|
| 001 | 000007165 | ||
| 005 | 20260305073955.0 | ||
| 008 | 900530s1984 ve cf b f000 0dspa | ||
| 040 |
_aDO-SdBNP _bspa _cBNPHU |
||
| 100 | 1 |
_aHerrera Campins, Luis. _918065 |
|
| 245 | 1 | 0 |
_aEn el Panteon Nacional : _bJose Antonio Paez, Andres Bello, Simon Bolivar / _c[Luis Herrera Campins]. |
| 260 |
_aCaracas, Venezuela : _bEdiciones de la Presidencia de la Republica, _c[1984]. |
||
| 300 |
_a87 p. : _bil. retrs. ; _c18 cm. |
||
| 500 | _aDiscursos presentados en el Panteón Nacional, Caracas, del 6 de mayo de 1973 al 24 de julio de 1983. | ||
| 504 | _aBibliografías | ||
| 651 | 0 |
_aVenezuela _xHistory _y19th century. _919895 |
|
| 600 | 1 | 0 |
_aPaez, Jose Antonio, _d1790-1873. _919896 |
| 600 | 1 | 0 |
_aBello, Andres, _d1781-1865. _918145 |
| 600 | 1 | 0 |
_aBolívar, Simón, _d1783-1830 _9253 |
| 999 |
_c6946 _d6946 |
||